00302nam a2200109Ia 4500008004000000020001800040082001500058100001100073245004200084260005800126300000800184210210b2004 xxu||||| |||| 00| 0 eng d a81 314 0397 1 a658.8 ICFF aICFAI. aFundamentals of marketing management. aHyderabadbICFAI Center for Management Researchc2004 a260